[Event "13th Leiden Open 2019"]
[Site "Leiden"]
[Date "2019.07.17"]
[Round "5.10"]
[White "De Lange, Steyn"]
[Black "Bueno, Mark"]
[Result "1/2-1/2"]
[WhiteElo "1914"]
[BlackElo "1976"]
[Annotator "NA"]
[PlyCount "119"]
[EventDate "2019.07.08"]
[EventType "swiss"]
[EventCountry "NED"]
[SourceTitle "playchess.com"]
[Source "ChessBase"]
[SourceQuality "1"]
[TimeControl "40/5400+30:1800+30"]

1. c4 {[%emt 0:00:00]} Nf6 {[%emt 0:00:00]} 2. Nf3 {[%emt 0:00:00]} e6 {[%emt 0:00:00]} 3. Nc3 {[%emt 0:00:27]} d5 {[%emt 0:00:00]} 4. cxd5 {[%emt 0:00:09]} exd5 {[%emt 0:00:01]} 5. g3 {[%emt 0:00:09]} Be7 {[%emt 0:01:38]} 6. Bg2 {[%emt 0:00:37]} O-O {[%emt 0:00:13]} 7. d3 {[%emt 0:00:26]} c6 {[%emt 0:07:13]} 8. O-O {[%emt 0:00:30]} Re8 {[%emt 0:01:04]} 9. Qc2 {[%emt 0:02:44]} Na6 {[%emt 0:01:34]} 10. a3 {[%emt 0:07:52]} Nc7 {[%emt 0:09:02]} 11. e4 {[%emt 0:01:21]} Bd6 {[%emt 0:15:11]} 12. Be3 {[%emt 0:17:10]} Qe7 {[%emt 0:21:06]} 13. Rfe1 {[%emt 0:11:08]} dxe4 {[%emt 0:02:01]} 14. dxe4 {[%emt 0:05:15]} Ng4 {[%emt 0:09:36]} 15. b4 {[%emt 0:21:21]} Nxe3 {[%emt 0:05:49]} 16. Rxe3 {[%emt 0:03:09]} Ne6 {[%emt 0:08:52]} 17. Rd1 {[%emt 0:00:53]} Bc7 {[%emt 0:00:34]} 18. Red3 {[%emt 0:02:25]} a5 {[%emt 0:00:43]} 19. b5 {[%emt 0:01:24]} Nc5 {[%emt 0:01:06]} 20. R3d2 {[%emt 0:01:23]} Bg4 {[%emt 0:00:45]} 21. bxc6 {[%emt 0:02:20]} bxc6 {[%emt 0:00:03]} 22. h3 {[%emt 0:02:11]} Bxf3 {[%emt 0:00:12]} 23. Bxf3 {[%emt 0:00:51]} Be5 {[%emt 0:00:26]} 24. Na4 {[%emt 0:01:04]} Nxa4 {[%emt 0:06:03]} 25. Qxa4 {[%emt 0:00:33]} h6 {[%emt 0:04:10]} 26. Kg2 {[%emt 0:05:39]} c5 {[%emt 0:02:00]} 27. Rd7 {[%emt 0:00:55]} Qf6 {[%emt 0:00:25]} 28. Qc4 {[%emt 0:00:44]} Rac8 {[%emt 0:02:41]} 29. R1d5 {[%emt 0:01:17]} Bd4 {[%emt 0:00:12]} 30. R5d6 {[%emt 0:00:13]} Qe5 {[%emt 0:01:33]} 31. Qxf7+ {[%emt 0:01:14]} Kh7 {[%emt 0:00:03]} 32. Rd5 {[%emt 0:06:00]} Qe6 {[%emt 0:00:26]} 33. Qxe6 {[%emt 0:00:51]} Rxe6 {[%emt 0:00:01]} 34. Bg4 {[%emt 0:00:24]} Rf6 {[%emt 0:00:29]} 35. Rf5 {[%emt 0:01:08]} Rb8 {[%emt 0:00:37]} 36. Rxf6 {[%emt 0:00:14]} Bxf6 {[%emt 0:00:07]} 37. Bf5+ {[%emt 0:01:01]} Kg8 {[%emt 0:00:05]} 38. Ra7 {[%emt 0:00:51]} Bc3 {[%emt 0:01:15]} 39. Rc7 {[%emt 0:00:41]} Bd4 {[%emt 0:00:15]} 40. Rc8+ {[%emt 0:00:29]} Rxc8 {[%emt 0:00:27]} 41. Bxc8 {[%emt 0:30:04]} a4 {[%emt 0:30:21]} 42. Bd7 {[%emt 0:00:51]} Bb2 {[%emt 0:00:06]} 43. Bxa4 {[%emt 0:00:06]} Bxa3 {[%emt 0:00:02]} 44. Bb3+ {[%emt 0:01:18]} Kf8 {[%emt 0:00:05]} 45. Kf3 {[%emt 0:00:29]} Ke7 {[%emt 0:00:25]} 46. Kf4 {[%emt 0:00:25]} Bb2 {[%emt 0:01:14]} 47. e5 {[%emt 0:00:00]} Bd4 {[%emt 0:00:00]} 48. f3 {[%emt 0:00:00]} Bf2 {[%emt 0:00:00]} 49. g4 {[%emt 0:00:00]} Bh4 {[%emt 0:00:00]} 50. Kf5 {[%emt 0:00:00]} Bg3 {[%emt 0:00:00]} 51. f4 {[%emt 0:00:00]} Bh2 {[%emt 0:00:00]} 52. e6 {[%emt 0:00:00]} Bg1 {[%emt 0:00:00]} 53. Kg6 {[%emt 0:00:00]} Be3 {[%emt 0:00:00]} 54. Kxg7 {[%emt 0:00:00]} Bxf4 {[%emt 0:00:00]} 55. h4 {[%emt 0:00:00]} Bg3 {[%emt 0:00:00]} 56. Kxh6 {[%emt 0:00:00]} Bxh4 {[%emt 0:00:00]} 57. g5 {[%emt 0:00:00]} Kf8 {[%emt 0:00:00]} 58. Kg6 {[%emt 0:00:00]} Bf2 {[%emt 0:00:00]} 59. Kf5 {[%emt 0:00:00]} Bd4 {[%emt 0:00:00]} 60. Ke4 {[%emt 0:00:00]} 1/2-1/2

[Event "13th Leiden Open 2019"]
[Site "Leiden"]
[Date "2019.07.18"]
[Round "6.6"]
[White "Chanda, Sandipan"]
[Black "Van der Werf, Mark"]
[Result "1-0"]
[WhiteElo "2516"]
[BlackElo "2394"]
[Annotator "TA"]
[PlyCount "97"]
[EventDate "2019.07.08"]
[EventType "swiss"]
[EventCountry "NED"]
[SourceTitle "playchess.com"]
[Source "ChessBase"]
[SourceQuality "1"]

{[%evp 15,97,1,5,0,0,-2,0,-7,0,-18,-21,-31,125,148,143,119,118,111,103,89,79,91,87,71,106,90,125,121,200,202,210,207,207,184,229,229,229,229,372,358,372,372,393,393,418,411,409,401,411,411,481,429,501,493,468,363,398,398,398,398,402,376,452,411,475,470,469,465,464,427,445,413,406,405,374,348,29974,29976,29976,29977,29977,29978,29979,29980]} 1. d4 Nf6 2. c4 e6 3. Nc3 Bb4 4. e3 O-O 5. Bd2 b6 6. Nf3 Bb7 7. Bd3 d5 8. cxd5 exd5 9. Rc1 {E52: Nimzo-Indian: Rubinstein: 4...0-0 5 Nf3 d5 6 Bd3 b6} Be7 10. O-O Nbd7 (10... c5 11. dxc5 bxc5 12. Na4 Nbd7 13. Bc3 Ne4 14. Bxe4 dxe4 15. Ne5 Nxe5 16. Bxe5 Qxd1 17. Rfxd1 {½-½ (30) Wang,Y (2690)-Cheparinov,I (2702) China 2018}) 11. Qc2 {The position is equal.} c5 12. Ne5 c4 13. Bf5 Nxe5 $146 (13... g6 $1 $15 {keeps the upper hand.} 14. Nxd7 Nxd7) ({Predecessor:} 13... g6 14. Bh3 Nxe5 15. dxe5 Nd7 16. f4 Nc5 17. Ne2 Nd3 18. Rcd1 {0-1 (63) Kumar,N (2317)-Gaisinsky,A (1965) Montevideo 2017}) 14. dxe5 $16 Ne4 15. Rcd1 {[%cal Rc3e4]} Qc7 16. Nxe4 dxe4 17. Bxe4 Bxe4 18. Qxe4 b5 19. Bc3 Rad8 20. f4 Rxd1 21. Rxd1 {e6 is the strong threat.} Rd8 (21... b4 $16) 22. Rxd8+ $18 Qxd8 23. Bd4 Qc8 24. Bxa7 Qa6 25. Qa8+ Bf8 26. Qb8 $1 {Threatens to win with Bc5.} Qa5 (26... Qc6 {keeps fighting.} 27. a3 c3 28. bxc3 Qxc3 29. Qxb5 Qxa3) 27. h3 {Hoping for Bc5.} b4 {Black wants to play ...c3.} 28. Bd4 h5 29. f5 c3 {[#]} 30. bxc3 $1 bxc3 {aiming for ...c2.} 31. Qb3 c2 32. Qxc2 Qe1+ 33. Kh2 h4 34. Qc3 Qf2 35. Qd3 Qxa2 36. Qe4 Qf2 {intending ...Qg3+.} 37. Qf4 Qe1 38. e4 Qb4 39. Bf2 f6 40. Qxh4 fxe5 41. Qg4 Be7 42. h4 Qd2 43. Bg3 Bf6 44. h5 Qe3 45. Bh4 Kh8 $2 (45... Bxh4 $18 46. Qxh4 Qh6) 46. Bxf6 {White mates.} gxf6 {[#]} 47. h6 $1 Qxh6+ {[#]} 48. Qh3 $1 Qxh3+ 49. Kxh3 {Accuracy: White = 87%, Black = 39%.} 1-0

[Event "13th Leiden Open 2019"]
[Site "Leiden"]
[Date "2019.07.18"]
[Round "6.7"]
[White "Kollen, Zyon"]
[Black "Suvrajit, Saha"]
[Result "0-1"]
[WhiteElo "2362"]
[BlackElo "2189"]
[Annotator "TA"]
[PlyCount "86"]
[EventDate "2019.07.08"]
[EventType "swiss"]
[EventCountry "NED"]
[SourceTitle "playchess.com"]
[Source "ChessBase"]
[SourceQuality "1"]

{[%evp 14,86,-3,-15,-10,-19,20,20,27,16,20,16,16,-12,8,20,10,-43,-2,0,-10,-82,-75,-79,-62,-81,-85,-87,-90,-102,-93,-101,-75,-91,-71,-75,-71,-80,-80,-81,-81,-81,-81,-106,-108,-110,-83,-241,-243,-234,-239,-243,-183,-177,-200,-205,-59,-220,-216,-300,-227,-350,-341,-387,-364,-505,-497,-485,-494,-514,-508,-793,-778,-741,-699]} 1. e4 e5 2. Nf3 Nc6 3. Nc3 Nf6 4. g3 Bc5 5. Bg2 d6 6. d3 a6 7. Be3 Bxe3 8. fxe3 Bg4 {C26: Vienna Game: 2...Nf6, sidelines} (8... Ng4 9. Qd2 f5 10. exf5 Bxf5 11. O-O-O O-O 12. h3 Nh6 13. g4 Bg6 14. e4 Nd4 15. Rdf1 Nxf3 16. Bxf3 {½-½ (41) Paichadze,L (2554)-Sanikidze,T (2510) Tbilisi 2017}) 9. Qd2 Bxf3 $146 ({Predecessor:} 9... Qd7 10. O-O-O O-O-O 11. Rdf1 Kb8 12. Nd5 Ne8 13. Nh4 f6 14. Rf2 Ne7 15. Nc3 Be6 16. Rhf1 {0-1 (34) Ilic,L (2132)-Kralevski,A (2209) Skopje 2015}) 10. Bxf3 h5 {The position is equal.} 11. O-O-O Ne7 12. d4 c6 13. Na4 Qc7 14. dxe5 dxe5 15. Qd6 (15. h3 $11) 15... Qxd6 $15 16. Rxd6 Rd8 17. Rhd1 (17. Rd3 $11) 17... Rxd6 $17 18. Rxd6 Nc8 $36 {[%mdl 2048] Black is pushing.} 19. Rd1 {[#]} Ke7 $1 20. Nc5 Nd6 21. Nd3 Nd7 ({Of course not} 21... Nfxe4 22. Nxe5 h4 23. g4 $15) 22. h4 Rh6 23. Kd2 a5 24. Ke2 b6 25. a3 Rh8 26. b3 f6 27. a4 g6 28. c3 Rb8 29. c4 Nb7 30. g4 $2 (30. b4 $17 {might work better.}) 30... hxg4 $19 31. Bxg4 Ndc5 32. Bf3 Nxb3 33. Rg1 Kf7 34. h5 g5 ({Black should play} 34... N3c5 $19 {...gxh5 is the strong threat.} 35. Nxc5 Nxc5 36. Rxg6 Rh8) 35. h6 $2 (35. Rd1 $15) 35... Kg6 36. Rh1 N3c5 37. Nf2 (37. Bh5+ $142 Kxh6 38. Bg4+ Kg7 39. Bf5) 37... Nd6 ({Not} 37... Nxa4 38. Ng4 $19) 38. Bg4 Ndxe4 39. Bh5+ Kh7 {[#] Threatens to win with ...Ng3+.Black is clearly winning.} 40. Nxe4 Nxe4 41. Kf3 f5 42. Bf7 (42. Kg2 $142 g4 43. Rf1) 42... g4+ 43. Kg2 Ng5 {Accuracy: White = 31%, Black = 71%.} 0-1

[Event "13th Leiden Open 2019"]
[Site "Leiden"]
[Date "2019.07.18"]
[Round "6.8"]
[White "Lai, Hing Ting"]
[Black "Ikonnikov, Vyacheslav"]
[Result "1/2-1/2"]
[WhiteElo "2460"]
[BlackElo "2499"]
[Annotator "TA"]
[PlyCount "84"]
[EventDate "2019.07.08"]
[EventType "swiss"]
[EventCountry "NED"]
[SourceTitle "playchess.com"]
[Source "ChessBase"]
[SourceQuality "1"]

{[%evp 10,84,18,10,14,8,12,8,13,15,11,-14,34,27,34,36,32,-39,38,38,39,30,33,39,53,39,67,60,72,60,68,62,64,0,0,-14,-11,-22,-10,-14,-14,-4,-9,-5,0,0,0,0,0,0,0,0,0,0,0,0,0,0,0,0,0,-9,0,-39,0,0,0,0,0,0,0,0,0,0,0,0,0]} 1. d4 Nf6 2. Bg5 e6 3. e4 h6 4. Bxf6 Qxf6 5. c3 d6 6. Bd3 g6 {A45: Trompowsky Attack} 7. Ne2 Bg7 8. f4 (8. O-O O-O 9. f4 Qe7 10. e5 b6 11. Nd2 Bb7 12. Be4 Bxe4 13. Nxe4 Rd8 14. Qe1 {0-1 (62) Moiseenko,A (2667)-Wang,Y (2690) Riadh 2017}) 8... Qh4+ 9. g3 Qe7 10. Nd2 Nd7 11. e5 $146 ({Predecessor:} 11. Qa4 O-O 12. e5 dxe5 13. fxe5 Nb6 14. Qd1 {½-½ (31) Fernandes,A (2453)-Guillen Ramirez,J (2301) Ayamonte 2006}) 11... Nb6 12. Qc2 Bd7 13. c4 (13. Be4 $14) 13... Ba4 (13... dxe5 $15 14. dxe5 O-O-O) 14. b3 $14 Bc6 15. Be4 Bxe4 16. Nxe4 d5 17. Nc5 c6 18. Nd3 O-O 19. O-O Nd7 20. c5 g5 21. fxg5 ({White should try} 21. Rf3 $14) 21... hxg5 $11 22. Nf2 f6 23. exf6 Rxf6 24. Ng4 Rxf1+ 25. Rxf1 Rf8 26. Rxf8+ Nxf8 27. Kg2 Qf7 28. h3 Nd7 29. Ng1 Qf5 30. Qd2 e5 31. dxe5 Nxe5 32. Nxe5 Bxe5 33. Nf3 Bf6 34. Qe2 Kf7 35. g4 Qb1 36. Kg3 a6 37. Qd2 {The position is equal.} Qe4 38. Nxg5+ Bxg5 39. Qxg5 {[#] And now Qf4+ would win.} Qe1+ 40. Kg2 Qe2+ 41. Kg3 Qe1+ 42. Kg2 Qe2+ {Accuracy: White = 59%, Black = 44%.} 1/2-1/2

[Event "13th Leiden Open 2019"]
[Site "Leiden"]
[Date "2019.07.18"]
[Round "6.9"]
[White "Beerdsen, Thomas"]
[Black "Van Vliet, Jeffrey"]
[Result "1/2-1/2"]
[WhiteElo "2497"]
[BlackElo "2380"]
[Annotator "TA"]
[PlyCount "118"]
[EventDate "2019.07.08"]
[EventType "swiss"]
[EventCountry "NED"]
[SourceTitle "playchess.com"]
[Source "ChessBase"]
[SourceQuality "1"]

{[%evp 10,118,29,25,32,26,31,17,25,41,37,38,31,29,21,31,54,31,40,45,42,41,34,39,39,25,20,18,112,106,121,111,113,116,114,118,112,115,122,100,123,104,100,100,95,95,115,41,51,50,68,54,54,33,46,7,36,-11,14,-12,-14,-44,-38,-45,0,0,0,0,0,0,0,-38,-50,-35,-51,-54,0,0,0,0,0,0,0,0,0,0,0,0,0,0,0,0,0,0,0,0,0,0,0,0,0,0,0,0,0,0,0,0,0,0,0]} 1. e4 c5 2. Nf3 e6 3. d4 cxd4 4. Nxd4 a6 5. Qd3 Nf6 6. Be2 Nc6 {B41: Sicilian: Kan Variation: 5 c4} 7. Nxc6 bxc6 8. Nc3 d5 9. Qg3 d4 {White must now prevent ...Qa5.} 10. e5 Nd7 $1 11. Ne4 Qa5+ 12. c3 Qxe5 $146 ({Predecessor:} 12... dxc3 13. Nxc3 Qxe5 14. Bf4 Qf6 {½-½ (34) Karjakin,S (2721)-Mamedyarov,S (2725) Nalchik 2009}) 13. Qxe5 Nxe5 14. cxd4 Ng6 15. h4 Bb4+ 16. Kf1 h5 17. Ng3 {[%cal Be4g3,Bg3h5,Bh5f4,Bf4d3,Bd3e5][%mdl 32]} Be7 18. Nxh5 Nxh4 {[#]} (18... O-O $11 {keeps the balance.}) 19. g3 $1 $16 {[%cal Rg3h4]} g6 20. Nf4 $36 {[%mdl 2048] White is in control.} ({Don't play} 20. gxh4 $6 gxh5 21. Bf4 a5 $11) 20... g5 21. Nd3 Ng6 22. Rxh8+ Nxh8 23. Bf3 Bb7 24. Ne5 Rc8 25. Be3 f6 26. Nc4 Nf7 27. Rc1 Bd8 28. Bg4 (28. Bd2 $16) 28... Kd7 $14 29. Re1 Bc7 30. Bd2 Re8 31. Bb4 {Strongly threatening Bh5.} Nd6 32. Nd2 f5 33. Bf3 g4 34. Bg2 a5 35. Bc3 Ba6+ 36. Kg1 Nb5 37. Nb3 {Hoping for Nc5+.} Nxc3 38. Nc5+ Kd6 39. bxc3 Bc4 40. a3 Bb6 41. Na4 $1 {[%cal Ra4b6]} Ba7 42. Nb2 Bd5 (42... Bb3 $15) 43. Bxd5 $11 {The position is equal.} cxd5 {[%mdl 4096] Endgame KRB-KRN} 44. Nd3 Rc8 45. Nf4 Rxc3 46. Rxe6+ Kd7 47. Ra6 $1 {[%cal Ra6a7]} Bxd4 48. Rxa5 Kc6 {...Rxg3+ is the strong threat.} 49. Rxd5 Bxf2+ 50. Kxf2 {KRN-KR} Rf3+ 51. Ke2 {Threatens to win with Rd3.} Rxf4 $1 {KR-KR} 52. Re5 Rf3 53. Re6+ Kd5 54. Re3 {[#]} f4 $1 {[%mdl 512]} 55. Rxf3 gxf3+ 56. Kxf3 fxg3 57. Kxg3 Kc4 58. a4 Kb4 59. a5 Kxa5 {Accuracy: White = 63%, Black = 67%.} 1/2-1/2

[Event "13th Leiden Open 2019"]
[Site "Leiden"]
[Date "2019.07.18"]
[Round "6.10"]
[White "Bueno, Mark"]
[Black "Van der Werf, Joel"]
[Result "1-0"]
[WhiteElo "1976"]
[BlackElo "1878"]
[Annotator "NA RC"]
[PlyCount "103"]
[EventDate "2019.07.08"]
[EventType "swiss"]
[EventCountry "NED"]
[SourceTitle "playchess.com"]
[Source "ChessBase"]
[SourceQuality "1"]
[TimeControl "40/5400+30:1800+30"]

1. e4 {[%emt 0:00:00]} c5 {[%emt 0:00:00]} 2. Nf3 {[%emt 0:00:00]} Nc6 {[%emt 0:00:00]} 3. d4 {[%emt 0:00:09]} cxd4 {[%emt 0:00:00]} 4. Nxd4 {[%emt 0:00:07]} Nf6 {[%emt 0:00:00]} 5. Nc3 {[%emt 0:00:05]} e5 {[%emt 0:00:00]} 6. Ndb5 {[%emt 0:00:42]} d6 {[%emt 0:00:02]} 7. Bg5 {[%emt 0:00:58]} a6 {[%emt 0:00:04]} 8. Na3 {[%emt 0:00:20]} b5 {[%emt 0:00:04]} 9. Nd5 {[%emt 0:00:05]} Be7 {[%emt 0:00:05]} 10. Bxf6 {[%emt 0:02:34]} Bxf6 {[%emt 0:00:05]} 11. c3 {[%emt 0:00:07]} O-O {[%emt 0:00:30]} 12. Be2 {[%emt 0:00:05]} Bg5 {[%emt 0:01:47]} 13. Bg4 {[%emt 0:06:04] B33: Sicilian: Pelikan and Sveshnikov Variations} (13. Nc2 Ne7 14. Nxe7+ Qxe7 15. O-O Bb7 16. Qd3 d5 17. exd5 Rad8 18. c4 bxc4 19. Qa3 Qc7 20. Rfd1 Bxd5 21. Qxa6 Ra8 {1-0 (72) Tukhaev,A (2527)-Carlsen,M (2835) St Petersburg 2018}) 13... Be6 {[%emt 0:06:14]} 14. O-O {[%emt 0:01:28]} Rb8 {[%emt 0:08:36]} 15. Nc2 {[%emt 0:00:41]} Qd7 {[%emt 0:05:56]} 16. Bf3 {[%emt 0:09:59]} a5 {[%emt 0:12:52]} 17. Qd3 {[%emt 0:08:06]} b4 {[%emt 0:05:59]} 18. c4 {[%emt 0:04:09]} Ne7 $146 {[%emt 0:16:48]} ({Predecessor:} 18... Qa7 19. b3 Qc5 20. Nc7 Qb6 21. Nb5 Na7 22. Nxa7 Qxa7 {½-½ (52) Marek,M (2398)-Kernazhitsky,L (2265) Tatranske Zruby 2015}) 19. Nxe7+ {[%emt 0:03:00]} Bxe7 {[%emt 0:02:06]} 20. Ne3 {[%emt 0:03:33]} Rfc8 {[%emt 0:01:08]} 21. b3 {[%emt 0:01:48]} Rc5 {[%emt 0:04:41]} 22. Rfd1 {[%emt 0:10:40]} g6 {[%emt 0:01:48]} 23. Rd2 {[%emt 0:11:18]} Rbc8 {[%emt 0:05:54]} 24. Rad1 {[%emt 0:00:40]} Kg7 $11 {[%emt 0:01:15]} 25. Qe2 {[%emt 0:07:31]} R8c7 {[%emt 0:03:53]} 26. g3 {[%emt 0:07:02]} Ra7 {[%emt 0:02:18]} 27. Bg2 {[%emt 0:00:49]} Qc8 {[%emt 0:01:43]} 28. Rf1 {[%emt 0:00:51]} f6 {[%emt 0:01:36]} 29. Qd1 {[%emt 0:05:08]} Bf8 {[%emt 0:01:26]} 30. f4 {[%emt 0:03:48]} Bf7 {[%emt 0:01:39]} 31. fxe5 {[%emt 0:01:17]} fxe5 {[%emt 0:01:58]} 32. Rdf2 {[%emt 0:00:36]} Rcc7 {[%emt 0:06:48]} 33. Nd5 {[%emt 0:00:41]} Rcb7 {[%emt 0:00:15]} 34. h4 {[%emt 0:01:53]} Qc5 {[%emt 0:03:09]} 35. Qf3 {[%emt 0:02:13]} Rb8 {[%emt 0:00:44]} 36. h5 {[%emt 0:05:45]} gxh5 {[%emt 0:01:36]} 37. Nf6 {[%emt 0:01:43]} Kh8 {[%emt 0:03:10]} 38. Nxh5 {[%emt 0:00:32]} Bxh5 {[%emt 0:00:05]} 39. Qxh5 {[%emt 0:00:04]} Bg7 {[%emt 0:00:12]} 40. Kh2 {[%emt 0:00:12]} Qc8 {[%emt 0:00:41]} 41. Bh3 {[%emt 0:31:02]} Qe8 {[%emt 0:05:00]} 42. Qd1 {[%emt 0:00:00]} Rd8 {[%emt 0:03:19]} 43. Bf5 {[%emt 0:00:00]} Bf6 {[%emt 0:08:46]} 44. Kg2 {[%emt 0:00:00]} h6 {[%emt 0:01:30]} 45. Bd7 {[%emt 0:00:00]} Qxd7 {[%emt 0:03:46]} 46. Rxf6 {[%emt 0:00:00]} Qh7 {[%emt 0:00:29]} 47. R1f5 {[%emt 0:00:00]} Rg7 {[%emt 0:08:06]} 48. Qh5 {[%emt 0:00:00]} Rdg8 {[%emt 0:02:41]} 49. Rxh6 {[%emt 0:00:00]} Rxg3+ {[%emt 0:00:05]} 50. Kf2 {[%emt 0:00:00]} Rg2+ {[%emt 0:00:23]} 51. Ke1 {[%emt 0:00:00]} Rg1+ {[%emt 0:00:40]} 52. Rf1 {[%emt 0:00:00]} 1-0

[Event "13th Leiden Open 2019"]
[Site "Leiden"]
[Date "2019.07.19"]
[Round "7.6"]
[White "Suvrajit, Saha"]
[Black "Chanda, Sandipan"]
[Result "1/2-1/2"]
[WhiteElo "2189"]
[BlackElo "2516"]
[Annotator "TA"]
[PlyCount "87"]
[EventDate "2019.07.08"]
[EventType "swiss"]
[EventCountry "NED"]
[SourceTitle "playchess.com"]
[Source "ChessBase"]
[SourceQuality "1"]

{[%evp 9,87,43,50,50,60,18,47,8,40,-35,-34,-47,-43,-74,-37,-44,-60,-68,-48,-54,-43,-54,-46,-37,-31,-32,-41,-32,-38,-43,-36,-54,-44,-40,-17,-52,-49,-72,-81,-105,-110,-114,-123,-198,-191,-177,-224,-237,-197,-404,-120,-126,-117,-116,-113,-247,-159,-155,-149,-147,-141,-159,-146,-125,0,-77,0,0,0,0,0,0,0,0,0,0,0,0,0,0]} 1. d4 f5 2. g3 Nf6 3. Bg2 e6 4. Nh3 d6 (4... Be7 5. O-O O-O 6. Nd2 Nc6 7. c3 d6 8. b4 Qe8 9. a4 Kh8 10. Nc4 Nd8 11. b5 Nf7 12. Ng5 Nd5 13. Nxf7+ Qxf7 {1-0 (84) Aleksandrov,A (2617)-Azarov,S (2613) Warsaw 2008}) 5. O-O g6 6. Nc3 $146 {A81: Dutch Defence: 2 g3} ({Predecessor:} 6. b4 Bg7 7. Bb2 O-O 8. c4 Qe7 9. Qb3 e5 10. c5+ Be6 11. d5 Bf7 12. Ng5 {1-0 (53) Harakis,A (2238)-Bellin,R (2355) England 2013}) 6... d5 7. Bf4 c6 8. Rb1 {White is slightly better.} Bg7 9. b4 ({White should play} 9. f3 $14) 9... O-O $15 10. Qd2 Nbd7 {[%cal Bb8d7,Bd7b6,Bb6c4][%mdl 32]} 11. Bh6 Nb6 12. Bxg7 Kxg7 13. Nf4 Qd6 14. Rfd1 Nc4 15. Qc1 a5 16. b5 $1 Bd7 17. bxc6 Bxc6 18. Nb5 Bxb5 $1 19. Rxb5 b6 20. Nd3 Rac8 {[%cal Ba8c8,Bc8c6,Bc6c4][%mdl 32]} 21. c3 Rc6 22. Nb2 Rfc8 23. Nxc4 Rxc4 24. Qb2 R8c6 ({But not} 24... Rxc3 $6 25. Rxb6 R3c6 26. Rb7+ R8c7 27. Rb1 $11) 25. Rc1 Qc7 26. e3 (26. Bf3 $17 {might work better.}) 26... Rxc3 $19 27. Rxc3 Rxc3 28. Bf3 Rc2 ({Resist} 28... Rc1+ 29. Kg2 $17) 29. Qb3 $2 (29. Qa3) 29... Nd7 $2 (29... Rc1+ $19 {has better winning chances.} 30. Kg2 Rc3) 30. Kg2 Kf7 31. Bd1 Rc1 32. h4 (32. Be2 $17) 32... Ra1 {Hoping for ...Qc1.} 33. Bc2 Qc4 {aiming for ...Qf1+.} 34. Bb1 {With the idea Qb2.} a4 $1 {[%cal Ra4b3,Ba5a4,Ba4a3][%mdl 32]} 35. Qb2 {[#] And now Rb4 would win.} a3 $1 {[%cal Ra3b2][%mdl 512]} 36. Qb3 (36. Qxa3 Qxb5) 36... Qe2 ({Black should try} 36... h6 $1 $17 {Threatens to win with ...g5.} 37. Rb4 Qc1) 37. Rb4 {[#]} (37. Qa4 $11 {remains equal.} f4 38. Rb2 $3 {[%mdl 512]}) 37... Nf6 (37... f4 $1 $17 {[%cal Rf4f3][%mdl 512] ( -> ...f3+)} 38. exf4 Nf6 39. Rxb6 Ne4 40. Rb7+ Kf6) 38. Qc3 $11 {[#]The position is equal.} g5 $1 {[%mdl 512]} 39. h5 {[#]} (39. Qxa1 $2 {is the wrong capture.} Ng4 $1 $19 {[%mdl 512]}) (39. hxg5 Ne4) 39... Ne4 $1 {[%mdl 576] Double Attack} 40. Qc7+ Kg8 41. Qd8+ {[#]} Kf7 $1 42. Qd7+ {[#]} Kf6 $1 43. Qd8+ {[#]} Kf7 $1 44. Qd7+ {Accuracy: White = 52%, Black = 52%.} 1/2-1/2

[Event "13th Leiden Open 2019"]
[Site "Leiden"]
[Date "2019.07.19"]
[Round "7.7"]
[White "Ikonnikov, Vyacheslav"]
[Black "Kollen, Zyon"]
[Result "1-0"]
[WhiteElo "2499"]
[BlackElo "2362"]
[Annotator "TA"]
[PlyCount "73"]
[EventDate "2019.07.08"]
[EventType "swiss"]
[EventCountry "NED"]
[SourceTitle "playchess.com"]
[Source "ChessBase"]
[SourceQuality "1"]

{[%evp 22,73,8,12,54,16,39,24,64,65,65,61,60,60,61,47,55,63,112,112,161,156,368,166,487,177,187,183,270,286,286,284,286,286,286,286,286,286,281,273,361,147,273,170,288,288,288,288,775,774,762,762,709,697]} 1. d4 e6 2. c4 Nf6 3. Nf3 b6 4. Nc3 Bb4 5. Bd2 Bb7 6. e3 O-O 7. Bd3 c5 8. a3 cxd4 9. axb4 dxc3 10. Bxc3 d5 11. O-O dxc4 12. Bxc4 Nd5 {E52: Nimzo-Indian: Rubinstein: 4...0-0 5 Nf3 d5 6 Bd3 b6} (12... Qe7 13. Qd4 Bxf3 14. gxf3 Nc6 15. Qh4 Nxb4 16. Kh1 Nbd5 17. Be5 Rfd8 18. Rg1 Ne8 19. Qh6 g6 20. Bb5 {0-1 (37) Jarmula,L (2483)-Vovk,Y (2573) Lvov 2019}) 13. Bd2 $146 (13. Bxd5 $5 Bxd5 14. Qd4 $14) ({Predecessor:} 13. Be5 Nc6 14. Bxd5 exd5 15. Bc3 a6 16. Qd3 b5 17. Rfd1 Re8 18. Qf5 Ne7 19. Qe5 f6 20. Qe6+ Kh8 21. Bxf6 gxf6 22. Qxf6+ Kg8 23. Ng5 {1-0 (23) Pierecker,M (2270)-Lickleder,A (2195) Bayern 2010}) 13... a6 14. b5 a5 {White has an edge.} 15. e4 Nf6 16. e5 Ne4 17. Bf4 $36 {[%mdl 2048] Black is under pressure.} Nd7 18. Qe2 Nec5 19. Rfd1 h6 20. Rd6 Bxf3 21. Qxf3 ({Much less strong is} 21. gxf3 $6 Qe7 $14) 21... Qh4 $2 {[#]} (21... Rb8 $16 {was called for.} 22. Qg4 Kh8) 22. Bf1 (22. b4 $142 $1 {[%mdl 512]}) 22... Rfd8 $2 {[#]} (22... Rad8 23. Rad1 Qe7) 23. Rad1 $2 (23. b4 $1 {[%mdl 512]}) 23... Rab8 24. R1d4 Nf8 (24... Qe7 {was necessary.} 25. Qg3 Kh8) 25. Be3 $18 Qe7 26. Rxd8 $1 Rxd8 27. Rxd8 Qxd8 28. Bxc5 $1 bxc5 29. Qc6 $1 Nd7 {[#]} 30. Qd6 $1 Qc8 {[#]} 31. g3 (31. b6 $1 $18 {and the rest is easy.}) 31... c4 (31... Qb7 $16 {is a better defense.}) 32. Bg2 {And now b6 would win.} a4 (32... g6 $142 33. b6 Nxb6) 33. b6 Nxb6 34. Qxb6 a3 $2 (34... c3 35. bxc3 Qxc3 36. Qd8+ Kh7) 35. bxa3 {White is clearly winning.} c3 36. Bc6 Qf8 37. Be4 {Accuracy: White = 47%, Black =  9%.} 1-0